الأمثال الشعبية اللبنانية / (رقم التسجيلة. 28201)

تفاصيل مارك
000 -الفاتح
عناصر البيانات ثابتة الطول 00548cam a2200169 i 4500
005 - تاريخ ووقت آخر معاملة
حقل ضبط 20260204104445.0
008 - عناصر البيانات ثابتة الطول
عناصر البيانات ثابتة الطول 250721s1999 le gr 000 0 ara d
082 14 - رقم تصنيف ديوي العشري
رقم التصنيف 398.91
رقم المادة ي ع ق
100 1# - مدخل رئيسي – اسم شخصي
الاسم الشخصي يعقوب، إميل بديع
علاقة الشخص بالعمل/ دوره معد.
245 12 - بيان العنوان
العنوان الأمثال الشعبية اللبنانية /
بيان المسؤولية الدكتور إميل بديع يعقوب.
264 31 - بيانات النشر، التوزيع…إلخ
مكان النشر، التوزيع...إلخ بيروت :
اسم الناشر، الموزع...إلخ جروس برس،
تاريخ النشر، التوزيع...إلخ 1999.
300 ## - الوصف المادي
عدد الوحدات المكونة للوعاء 200 صفحة.
650 17 - مدخل إضافي بالموضوع - مصطلح موضوعي
مصطلح موضوعي أو اسم جغرافي كعنصر مدخل الأمثال.
650 17 - مدخل إضافي بالموضوع - مصطلح موضوعي
مصطلح موضوعي أو اسم جغرافي كعنصر مدخل لبنان.
942 ## - بيانات إضافية (كوها)
نوع التنصيف Dewey Decimal Classification
نوع المادة (كوها) كتب
المقتنيات
حالة السحب حالة الفقدان مصدر التصنيف حالة التلف غير قابل للإعارة المكتبة الرئيسية المكتبة الحالية موقع الرف تاريخ التزويد الرقم المتسلسل Total Checkouts رقم الإستدعاء الباركود تاريخ آخر ظهور تاريخ الفاتورة نوع المادة (كوها)
    Dewey Decimal Classification     المكتبة المركزية المكتبة المركزية الإعارة 06/07/2004 467250   398.91 / ي ع ق 467250 28/07/2025 06/07/2004 كتب
Implemented & Customized by: BBB with SCIT (Smart Chains for Information Technology)

Powered by Koha